| 000 | 00902cam a2200193 4500 | ||
|---|---|---|---|
| 008 | 000000n2001 000 0 eng u | ||
| 035 | _a(Sirsi) u112331 | ||
| 245 | _aHouse prices rising at slowest rate for 5 years | ||
| 260 | _c2001 | ||
| 490 |
_aFinancial Times _v1 May 2001, 6(1) |
||
| 520 | _aFigures released by the Nationwide show that average house prices rose by an annual 6.6% in April and by 0.8% on the previous month. The rise, the smallest since August 1996, means that the average house price was £86,244. Mortgage lending, however, reached a record £6.5bn in March, according to the British Bankers' Association. http://www.nationwide.co.uk/hpi/. | ||
| 590 | _aWB | ||
| 650 | _aBRITISH BANKERS ASSOCIATION | ||
| 650 | _aHOUSE PRICES | ||
| 650 | _aMORTGAGE LENDING | ||
| 650 | _aNATIONWIDE | ||
| 690 | _aPROPERTY-RESIDENTIAL PROPERTY-RESIDENTIAL PROPERTY MARKET | ||
| 942 | _n0 | ||
| 999 |
_c66864 _d66864 |
||